| 000 | 00800nam a22002297a 4500 | ||
|---|---|---|---|
| 999 |
_c8290 _d8290 |
||
| 003 | AR-CdUCM | ||
| 008 | 190322b ||||| |||| 00| 0 spa d | ||
| 040 |
_aMUNICIPALIDAD PROVINCIAL DEL CUSCO _cBIBLIOTECA MUNICIPAL DEL CUSCO |
||
| 041 | _heng | ||
| 082 |
_25ed. _a150.19 / _bAD24 |
||
| 100 |
_aAdler, Alfred _923317 |
||
| 245 | _aLa ciencia de vivir / | ||
| 260 |
_aMéxico D. F. : _bDiana, _c1964. |
||
| 300 |
_a184 páginas ; _c19 cm. |
||
| 505 | _aContenido: La ciencia de vivir --El complejo de inferioridad --El complejo de superioridad -- El estilo de vida -- Los viejos recuerdos .. | ||
| 650 |
_aPsicología _91538 |
||
| 650 |
_aConducta social _919968 |
||
| 650 |
_aInferioridad _922088 |
||
| 700 |
_aMateo, Andrés María (traducción) _923318 |
||
| 942 |
_2ddc _cLIBROS |
||
| 945 | _aachl | ||